00387 a2200121 4500001000900000005001700009008004100026245007700067100002400144700002100168700002100189773005500210ART_692620260410161659.0260409a 10aHacia una estimación de la demanda de dinero con fines de pronóstico1 aAguirre, Horacio A.1 aBurdisso, Tamara1 aGrillo, Federico0 tEnsayos Económicosg- Nº 45 (oct. 2006)wREV620